| 000 | 00909nam0a22002771 4500 | ||
|---|---|---|---|
| 001 | rc\4297434 | ||
| 005 | 20130416124638.0 | ||
| 021 |
_aRU _b[59-32668] |
||
| 035 | _a(NLR Aleph) 008499613 | ||
| 090 |
_a8100651 _c8100651 |
||
| 100 | _a20130416d1959 |||y0rusy50 ca | ||
| 101 | 0 | _arus | |
| 102 | _aRU | ||
| 105 | _aa z |||a| | ||
| 200 | 1 |
_aТайна Пито-Као _eФантаст. повесть _f[Ил.: В. Бундин |
|
| 205 | _aПерераб. и доп. изд. | ||
| 210 |
_aМосква] _cМол. гвардия _d1959 |
||
| 215 |
_a207 с. _cил. _d21 |
||
| 608 |
_aНаучно-фантастические романы и рассказы (х. л.) _2psbo |
||
| 700 | 1 |
_aАматуни _bП. Г. _f1916-1982 _gПетроний Гай |
|
| 702 | 1 |
_aБундин _bВ. _4440 |
|
| 801 | 0 |
_aRU _bNLR _gpsbo |
|
| 801 | 1 |
_aRU _bELAR _2rusmarc |
|
| 852 |
_aNLR _j59-6/2925 |
||
| 942 | _cBOOK | ||
| 980 | _aNB | ||